书目信息 |
| 题名: |
羚羊世纪星轿车故障速查手册
|
|
| 作者: | ;轿车故障速查丛书编委会 编 | |
| 分册: | ||
| 出版信息: | 北京 中国标准出版社 2003.11 |
|
| 页数: | 190页 | |
| 开本: | 26cm | |
| 丛书名: | 轿车故障速查丛书 | |
| 单 册: | ||
| 中图分类: | U469.110 | |
| 科图分类: | ||
| 主题词: | 轿车--jiao che--故障诊断--手册 | |
| 电子资源: | ||
| ISBN: | 7-5066-3210-1 | |
| 000 | 01184nam 2200265 450 | |
| 001 | 012008928555 | |
| 005 | 20080424153610.51 | |
| 010 | @a7-5066-3210-1@dCNY25.00 | |
| 100 | @a20080424d2003 km y0chiy0120 ea | |
| 101 | 0 | @achi |
| 102 | @aCN@b110000 | |
| 105 | @aa z 000yy | |
| 106 | @ar | |
| 200 | 1 | @a羚羊世纪星轿车故障速查手册@Aling yang shi ji xing jiao che gu zhang su cha shou ce@f《轿车故障速查丛书》编委会编@F《jiao che gu zhang su cha cong shu》bian wei hui bian |
| 210 | @a北京@c中国标准出版社@d2003.11 | |
| 215 | @a190页@c图@d26cm | |
| 225 | 2 | @a轿车故障速查丛书@Ajiao che gu zhang su cha cong shu |
| 330 | @a本书介绍了羚羊世纪星轿车车主必备知识,发动机、离合器与手动变速器、电控自动变速器、制动系统(包括ABS)、安全气囊、车桥与悬架、转向系统、电气设备及空调系统的技术参数与维修数据、结构特点、故障自诊断速查,并配有全车电路图。] | |
| 333 | @a汽车驾驶员、维修工,大专院校汽车专业师生 | |
| 410 | 0 | @12001 @a轿车故障速查丛书 |
| 606 | 0 | @a轿车@Ajiao che@x故障诊断@j手册 |
| 690 | @aU469.110@v4 | |
| 711 | 02 | @a轿车故障速查丛书编委会@Ajiao che gu zhang su cha cong shu bian wei hui@4编 |
| 801 | 0 | @aCN@bQSSK@c20080424 |
| 905 | @b20704422-24@dU469.110@eJ477@f3 | |
| 羚羊世纪星轿车故障速查手册/《轿车故障速查丛书》编委会编.-北京:中国标准出版社,2003.11 |
| 190页:图;26cm.-(轿车故障速查丛书) |
| 使用对象:汽车驾驶员、维修工,大专院校汽车专业师生 |
| ISBN 7-5066-3210-1:CNY25.00 |
| 本书介绍了羚羊世纪星轿车车主必备知识,发动机、离合器与手动变速器、电控自动变速器、制动系统(包括ABS)、安全气囊、车桥与悬架、转向系统、电气设备及空调系统的技术参数与维修数据、结构特点、故障自诊断速查,并配有全车电路图。] |
| ● |
| 相关链接 |
|
|
|
正题名:羚羊世纪星轿车故障速查手册
索取号:U469.110/J477
 
预约/预借
| 序号 | 登录号 | 条形码 | 馆藏地/架位号 | 状态 | 备注 |
| 1 | 704422 | 207044223 | 自科库501/501自科库 56排5列3层/ [索取号:U469.110/J477] | 在馆 | |
| 2 | 704423 | 207044232 | 自科库501/501自科库 56排5列3层/ [索取号:U469.110/J477] | 在馆 | |
| 3 | 704424 | 207044241 | 自科库501/501自科库 56排5列3层/ [索取号:U469.110/J477] | 在馆 |